000 00651nam a22002177a 4500
005 20220516152737.0
008 220516b ||||| |||| 00| 0 eng d
040 _cAL
041 _aEnglish
082 _223
_a301.632
_bMATN
100 _aJ S Mathur
_937447
245 _aNon-Violence and Social Change
260 _aAhmedabad
_bNavajivan Publishing House
_c1977
300 _axiv,287 p.
_bPB
_c21x14 cm.
650 _aGandhi, Mahatma, 1869-1948
_937448
650 _aNonviolence -- Congresses
_937449
650 _aSocial change -- Congresses
_937450
700 _aMATHUR (J S) Ed
_937451
700 _aSHARMA (P C) Ed
_937452
942 _2ddc
_cGF
999 _c222956
_d222956